000 00285nam a22001217a 4500
082 _a823
_bBLY/F
100 _aBLYTON, ENID
245 _aFAMOUS FIVE - 5 RUN AWAY TOGETHER
260 _aCANADA
_bGREENKNIGHT
_c1969
300 _a190
650 _aENGLISH STORY
_zUNITED STATES
942 _cBK
999 _c7251
_d7251